000 00715nam a2200217Ia 4500
003 GCL
008 140319s9999 xx 000 0 ara d
040 _aGCL /
_cGCL
082 0 4 _a819
_bج ع
100 1 _aعبدالسلام محمد هارون
245 1 0 _aكتاب العثمانية /
_cعبدالسلام محمد هارون
700 1 _aالجاحظ : ابوعثمان عمرو بن بحر محبوب
260 _a[S.N] :
_bمكتبة الخانجى ،
_c1955
300 _a367 ص
490 _aدراسة فى ازمة الخليج
_v0
650 0 4 _aالاسلام
650 0 4 _aالحديث
650 0 4 _aدفع المطاعن عن الاسلام
650 0 4 _aالقران
942 _2ddc
_cREF
999 _c59368
_d59368